000 00981nam a2200265Ia 4500
003 OSt
005 20220923211241.0
006 a|||||r|||| 00| 0
007 ta
008 Pun
020 _a9788175993150 (hbk)
_c750
024 _a320,341
037 _b768, 27/02/2017, H.K. Prakashan
_cTextual
040 _aARTS
_cARTS
_bPun
041 _2Pun
_aPun
082 _aO142,3N04,SD, 153Q6
100 _aਅਸਤ੍ਰਾਵਸਕੀ, ਨਿਕੋਲਾਈ, ਂਚ.
_9160041
245 0 _aਸੂਰਮੇ ਦੀ ਸਿਰਜਣਾ
_b ਸੰਸਾਰ ਪ੍ਰਸਿੱਧ ਸੋਵੀਅਤ ਨਾਵਲ
260 _aਦਿੱਲੀ
_b ਨਗਯੁਗ
_c2016
300 _a485ਪ੍ਰ0
_ccm.
650 _a ਰFਿਅਨ ਕਹਾਣੀ
_9160042
650 _aਸ਼ਚਅਹ਼ਲਜ
942 _hO142,3N04,SD, 153Q6
_cTEXL
_2CC
999 _c297671
_d297671